000 00696nam a2200241Ia 4500
003 OSt
005 20220924125321.0
006 a|||||r|||| 00| 0
007 ta
008 220923b |||||||| |||| 00| 0 tel d
024 _a339518
037 _cTextual
040 _aARTS
_cARTS
_btel
041 _2tel
_atel
082 _a035,3M91,3, J2.2
100 _aSubramanya shastri Shri padha Au.
245 0 _aIllupatina Pedavadabaduuchu
260 _aRajamahendravarmu
_bAddepally and Co India
_c1952
300 _a144p.
_ccm.
650 _aTELUGU LITERATURE
942 _h035,3M91,3, J2.2
_cTEXL
_2CC
999 _c422396
_d422396